000 00895nas a2200289 4500
001 BR0205649
003 BR-BrBNA
005 20231205103405.0
007 ta
008 230509b bl.|||p| |||| 00| 00por d
040 _aBR-BrBNA
_bpor
_cBiblioteca Nacional de Agricultura
041 _a(Pt)
072 _aH60
100 1 _aAzania, A.A.P.M.
100 1 _aAzania, C.A.M.
100 1 _aGravena, R.
100 1 _aPavani, M.C.M.D.
100 1 _aPitelli, R.A.
245 1 _aInterferência da palha de cana-de-açúcar (Saccharum spp.)na emergência de espécies de plantas daninhas da família Convolvulaceae
650 _aCANA DE AÇÚCAR
650 _aPALHA
650 _aERVA DANINHA
650 _aCOBERTURA MORTA
773 0 _tPlanta Daninha (Brazil)
_xISSN 0100-8358
_g(2002), v. 20(2) p. 207-212
_wBR0205649
909 _a202311
_bLúcia
_c55
_dLúcia Elande
942 _2AGRIS
_n0
_cANA
999 _c172609
_d172609